000
00259 a2200097 4500
001
33051
100
_a
Bekey, I
245
_a
Advanced Space System Concepts and Technologies:2010-2030+
260
_a
California
_b
AIAA Educ Series
_c
2003
090
_c
22181
_d
22181
942
_a
NUST-CAE
_c
M
_c
13538
999
_c
268124
_d
268124